| 000 | 00618nam a2200193Ia 4500 | ||
|---|---|---|---|
| 008 | 220216s9999 xx 000 0 und d | ||
| 100 | _aPattanawanidchai Sirichai | ||
| 245 | 0 | _aHigh-performance coagulation aid for skim natural rubber latex (Grass 0) | |
| 260 | _bIRRDB International Rubber Conference 14-17 December 2011, Chiang | ||
| 650 | _aGRASS 0 | ||
| 650 | _aLife cycle Assessment | ||
| 650 | _aSkim latex | ||
| 650 | _askim rubber recovery process | ||
| 700 | _aDatchaneekul Kittipoj | ||
| 700 | _aKongkaew Chaveewan | ||
| 700 | _aLoykulnant Surapich | ||
| 700 | _aMontha Suriyakamon | ||
| 942 | _cJS | ||
| 999 |
_c60433 _d60433 |
||